书目信息 |
| 题名: |
The social contract & discourses
|
|
| 作者: | 卢梭 著 ;科尔 翻译 | |
| 分册: | ||
| 出版信息: | 沈阳 辽宁人民出版社 2020.06 |
|
| 页数: | xlix, 376页 | |
| 开本: | 18cm | |
| 丛书名: | 最经典英语文库 | |
| 单 册: | ||
| 中图分类: | H319.4:D095.654.1 , H319.4:B565.26 | |
| 科图分类: | ||
| 主题词: | 英语--ying yu--语言读物 , 政治哲学--zheng zhi zhe xue--法国--近代 | |
| 电子资源: | ||
| ISBN: | 978-7-205-09885-8 | |
| 000 | 01281nam 2200325 450 | |
| 001 | 0100015907 | |
| 005 | 20201009150356.0 | |
| 010 | @a978-7-205-09885-8@dCNY45.00 | |
| 100 | @a20200724d2020 em y0chiy50 ba | |
| 101 | 0 | @aeng |
| 102 | @aCN@b210000 | |
| 105 | @ay z 000yy | |
| 106 | @ar | |
| 200 | 1 | @aThe social contract & discourses@fJean-Jacques Rousseau@gG.D.Cole |
| 210 | @a沈阳@c辽宁人民出版社@d2020.06 | |
| 215 | @axlix, 376页@d18cm | |
| 225 | 2 | @a最经典英语文库@Azui jing dian ying yu wen ku@h第十三辑 |
| 312 | @a中文题名取自封面 | |
| 314 | @aRousseau规范汉译姓: 卢梭 Cole规范汉译姓: 科尔 | |
| 330 | @a作品分为四卷: 第一卷论述了社会结构和社会契约, 第二卷阐述主权及其权利, 第三卷阐述政府及其运作形式, 第四卷讨论几种社会组织。《社会契约论》中主权在民的思想, 是现代民主制度的基石, 深刻地影响了欧洲的革命运动和英属北美殖民地的独立战争。 | |
| 410 | 0 | @12001 @a最经典英语文库@h第十三辑 |
| 510 | 1 | @a社会契约论@zchi |
| 606 | 0 | @a英语@Aying yu@j语言读物 |
| 606 | 0 | @a政治哲学@Azheng zhi zhe xue@y法国@z近代 |
| 690 | @aH319.4:D095.654.1@v5 | |
| 690 | @aH319.4:B565.26@v5 | |
| 701 | 1 | @a卢梭@Alu suo@g(Rousseau, Jean-Jacques)@4著 |
| 702 | 1 | @a科尔@Ake er@g(Cole, G. D.)@4翻译 |
| 801 | 0 | @aCN@c20201009 |
| 905 | @a河南城建学院图书馆@dH319.4@eL791@f3 | |
| The social contract & discourses/Jean-Jacques Rousseau/G.D.Cole.-沈阳:辽宁人民出版社,2020.06 |
| xlix, 376页;18cm.-(最经典英语文库.第十三辑) |
| ISBN 978-7-205-09885-8:CNY45.00 |
| 作品分为四卷: 第一卷论述了社会结构和社会契约, 第二卷阐述主权及其权利, 第三卷阐述政府及其运作形式, 第四卷讨论几种社会组织。《社会契约论》中主权在民的思想, 是现代民主制度的基石, 深刻地影响了欧洲的革命运动和英属北美殖民地的独立战争。 |
| ● |
| 相关链接 |
|
|
|
正题名:The social contract & discourses
索取号:H319.4/L791
 
预约/预借
| 序号 | 登录号 | 条形码 | 馆藏地/架位号 | 状态 | 备注 |
| 1 | 1495224 | 214952247 | 语言库209/209语言库 17排1列5层/ [索取号:H319.4/L791] | 在馆 | |
| 2 | 1495225 | 214952256 | 语言库209/209语言库 17排1列5层/ [索取号:H319.4/L791] | 在馆 | |
| 3 | 1495226 | 214952265 | 语言库209/209语言库 17排1列5层/ [索取号:H319.4/L791] | 在馆 |